=LDR 00000nam 2200000 4500 =001 INLIS000000000008748 =005 20130612100558 =008 ***********************************aInd** =035 ##$$0010-061300000008748 =041 ##$$a aInd =082 ##$$a 92 (Gandhi) =090 ##$$a 92 (Gandhi), Wol m =100 ##$$a Wolpert, Stanley =245 ##$$a Mahatma Gandhi Sang Penakluk Kekerasan Hidupnya dan Ajarannya, Stanley Wolpert, Penerjemah, Sugeng Haryanto, Patuan Raja Sutiono =260 ##$$a 2001 $b Jakarta =300 ##$$a xiv, 462 hlm, 23 cm =650 ##$$a Gandhi, mahatma, 1868-1948 =700 ##$$a Hariyanto, Sugeng =850 ##$$a NBPNMAT